[Event "XXIX Open Eporediese"]
[Site "Ivrea ITA"]
[Date "2012.02.23"]
[Round "5"]
[White "Razzano, Lorenzo"]
[Black "Paonessa, Denis"]
[WhiteElo "1962"]
[BlackElo "1844"]
[Result "0-1"]
[PlyCount "90"]
[EventDate "2012.01.26"]

1. Nf3 d5 2. g3 c5 3. Bg2 Nc6 4. d4 e6 5. O-O Nf6 6. Bg5 h6 7. Be3 cxd4 8. Bxd4
Nxd4 9. Nxd4 Be7 10. Nc3 O-O 11. e4 e5 12. Nf5 d4 13. Ne2 Bc5 14. Qd3 Re8 15.
Nh4 Qb6 16. a3 a5 17. h3 Bd7 18. a4 Rac8 19. g4 Qb4 20. b3 Qb6 21. Kh1 Bc6 22.
Nf5 Qc7 23. Neg3 b6 24. Rfe1 Bb4 25. Re2 Qb7 26. Rg1 b5 27. Qf3 bxa4 28. Nxh6+
gxh6 29. Qxf6 Re6 30. Qh4 Be7 31. Qh5 Bg5 32. h4 Bf4 33. Nf5 Bb5 34. Ree1 Rxc2
35. bxa4 Be2 36. Rxe2 Rxe2 37. g5 Rxf2 38. gxh6 Rg6 39. Qd1 Rfxg2 40. Rxg2 Rxg2
41. Nd6 Qb2 42. h7+ Kxh7 43. Qh5+ Bh6 44. Qxf7+ Rg7 45. Qf5+ Rg6 0-1

[Event "XXIX Open Eporediese"]
[Site "Ivrea ITA"]
[Date "2012.03.01"]
[Round "6"]
[White "Agostino, Pietro"]
[Black "Bosticardo, Tommaso"]
[WhiteElo "1505"]
[BlackElo "1774"]
[Result "0-1"]
[PlyCount "90"]
[EventDate "2012.01.26"]

1. e4 e5 2. Nf3 Nc6 3. Nc3 Nf6 4. Bb5 Bb4 5. O-O O-O 6. a3 Bxc3 7. Bxc6 Bxb2 8.
Bxb2 bxc6 9. Re1 d6 10. h3 Rb8 11. Rb1 Be6 12. Bc3 c5 13. d3 Qd7 14. Ng5 Qa4
15. Nxe6 fxe6 16. Ra1 Qe8 17. Ba5 Rb7 18. Qd2 Nh5 19. Qe3 Nf4 20. Kh2 Qa4 21.
Bc3 Qxc2 22. Qd2 Qxd2 23. Bxd2 Nxd3 24. Re2 Rxf2 25. Rxf2 Nxf2 26. Rf1 Nxe4 27.
Be3 Rb3 28. Re1 Rxa3 29. Bc1 Ra4 30. Re3 d5 31. Rb3 Nd6 32. Bg5 Rb4 33. Rf3 e4
34. Rf1 Nf5 35. Bf4 Rb2 36. Bxc7 Rxg2+ 37. Kxg2 Ne3+ 38. Kf2 Nxf1 39. Kxf1 Kf7
40. Ke2 Kf6 41. Ke3 e5 42. Bd6 c4 43. Bc5 a5 44. Bb6 a4 45. Ba5 a3 0-1

[Event "XXIX Open Eporediese"]
[Site "Ivrea ITA"]
[Date "2012.03.03"]
[Round "6"]
[White "Bellafiore, Enzo"]
[Black "Razzano, Lorenzo"]
[WhiteElo "1798"]
[BlackElo "1962"]
[Result "0-1"]
[PlyCount "60"]
[EventDate "2012.01.26"]

1. d4 g6 2. Bf4 Bg7 3. e3 d6 4. Nf3 c6 5. Be2 Qb6 6. Qc1 f5 7. Nbd2 Nf6 8. Nc4
Qc7 9. c3 O-O 10. Ncd2 h6 11. h3 Nbd7 12. Qc2 e5 13. dxe5 dxe5 14. Bh2 Nd5 15.
Bc4 b5 16. Bb3 Kh7 17. Nd4 Qd6 18. e4 Nf4 19. Bxf4 exf4 20. Nxc6 Bb7 21. Nd4
Bxd4 22. cxd4 fxe4 23. Rd1 e3 24. Nf3 Bxf3 25. gxf3 Rae8 26. Rg1 Qf6 27. Qd3
exf2+ 28. Kxf2 Re3 29. Qxb5 Qh4+ 30. Kf1 Rxf3+ 0-1

[Event "XXIX Open Eporediese"]
[Site "Ivrea ITA"]
[Date "2012.03.01"]
[Round "6"]
[White "Castaldo, Antonio"]
[Black "Bozza, Alberto"]
[WhiteElo "1651"]
[BlackElo "1589"]
[Result "1-0"]
[PlyCount "107"]
[EventDate "2012.01.26"]

1. Nf3 d6 2. g3 e5 3. d3 f5 4. Bg2 Nf6 5. Nc3 Be6 6. Ng5 Bc8 7. O-O Be7 8. Nf3
Nc6 9. Bg5 Be6 10. e4 h6 11. Bxf6 Bxf6 12. exf5 Bxf5 13. Nd5 Be6 14. Nxf6+ Qxf6
15. c3 O-O 16. h3 Bxh3 17. Bxh3 Qxf3 18. Qb3+ Kh8 19. Qxb7 Rab8 20. Qxc7 Rfc8
21. Qxd6 Rd8 22. Bg2 Qxg2+ 23. Kxg2 Rxd6 24. Rab1 Rxd3 25. Rfe1 Rd2 26. b4 Rf8
27. b5 Rfxf2+ 28. Kh3 Rh2+ 29. Kg4 h5+ 30. Kg5 Ne7 31. Rxe5 Rd5 32. Rxd5 Nxd5
33. c4 Nc3 34. Re1 Kh7 35. Re7 Rxa2 36. Kxh5 Ra4 37. Rc7 Nd5 38. cxd5 Rd4 39.
Rc5 Rd3 40. Kg4 Kh6 41. Rc6+ g6 42. d6 Rd5 43. b6 axb6 44. Rxb6 Rd4+ 45. Kf3
Kh5 46. Ke3 Rd1 47. Kf4 g5+ 48. Ke5 Re1+ 49. Kd5 Rd1+ 50. Ke6 Re1+ 51. Kd7 Kg6
52. Kd8 Re6 53. Kc7 Kf7 54. d7 1-0

[Event "XXIX Open Eporediese"]
[Site "Ivrea ITA"]
[Date "2012.03.01"]
[Round "6"]
[White "Gennaro, Isabella"]
[Black "Bogatto, Mario"]
[WhiteElo "1632"]
[BlackElo "1423"]
[Result "1/2-1/2"]
[PlyCount "78"]
[EventDate "2012.01.26"]

1. e4 g6 2. d4 Bg7 3. c3 c6 4. Bd3 d5 5. Bf4 h5 6. h3 Nd7 7. exd5 cxd5 8. Nf3
a6 9. O-O Ngf6 10. Nbd2 Nf8 11. Ng5 Ne6 12. Qf3 Nxf4 13. Qxf4 Bh6 14. Ndf3 Qd6
15. Ne5 O-O 16. Qg3 Bxg5 17. Qxg5 Ne4 18. Qh6 Qf6 19. Rae1 Bf5 20. Bxe4 dxe4
21. f3 Qg7 22. Qxg7+ Kxg7 23. fxe4 Bc8 24. Re3 b5 25. Ref3 f6 26. g4 hxg4 27.
Nxg4 Bd7 28. Ne3 Rf7 29. e5 Raf8 30. exf6+ exf6 31. Kh2 Rh8 32. Rg1 f5 33. Rfg3
Rh6 34. Nc2 a5 35. d5 f4 36. Rf3 Rf5 37. Rd1 Rfh5 38. Nd4 Rxh3+ 39. Rxh3 Rxh3+
1/2-1/2

[Event "XXIX Open Eporediese"]
[Site "Ivrea ITA"]
[Date "2012.03.01"]
[Round "6"]
[White "Motto, Alexis"]
[Black "Chiarotto, Filippo"]
[WhiteElo "1709"]
[BlackElo "2082"]
[Result "0-1"]
[PlyCount "66"]
[EventDate "2012.01.26"]

1. d4 d5 2. Nf3 c6 3. c4 Nf6 4. Nc3 a6 5. e3 Bg4 6. Qb3 Bc8 7. Bd3 e6 8. O-O
Bd6 9. Bd2 Nbd7 10. cxd5 exd5 11. Rac1 O-O 12. Rfe1 Re8 13. Qc2 Nf8 14. h3 Ng6
15. e4 dxe4 16. Nxe4 Nxe4 17. Bxe4 Be6 18. a3 Rc8 19. Ng5 Bd7 20. Qc4 Qf6 21.
Qd3 h6 22. Nf3 Nf4 23. Bxf4 Qxf4 24. Qe3 Qxe3 25. Rxe3 Bf4 26. Ne5 Bxe3 27.
fxe3 Be6 28. Rf1 f6 29. Ng6 Bf7 30. Bf5 Bxg6 31. Bxg6 Rxe3 32. Rc1 Rd8 33. Kf2
Rb3 0-1

[Event "XXIX Open Eporediese"]
[Site "Ivrea ITA"]
[Date "2012.03.01"]
[Round "6"]
[White "Pane, Gabriele"]
[Black "Giachino, Adriano"]
[WhiteElo "1538"]
[BlackElo "1664"]
[Result "0-1"]
[PlyCount "64"]
[EventDate "2012.01.26"]

1. d4 d5 2. c4 e6 3. Nc3 g6 4. Nf3 Nf6 5. Bg5 Bg7 6. e3 O-O 7. cxd5 exd5 8. Qb3
Be6 9. Qxb7 Nbd7 10. Qb3 c5 11. Be2 Rb8 12. Qc2 Bf5 13. Bd3 Bxd3 14. Qxd3 Rxb2
15. O-O c4 16. Qd1 Qa5 17. Qc1 Rfb8 18. Rd1 Ne4 19. Nxe4 dxe4 20. Ne5 Bxe5 21.
dxe5 Nxe5 22. Bf6 Nd3 23. Rxd3 exd3 24. Bxb2 Rxb2 25. Qxb2 c3 26. Qb3 d2 27.
Qc2 Qc5 28. Rb1 Qc4 29. Rb8+ Kg7 30. Rb3 Qe2 31. Qxc3+ Kh6 32. g3 d1=Q+ 0-1

[Event "XXIX Open Eporediese"]
[Site "Ivrea ITA"]
[Date "2012.03.01"]
[Round "6"]
[White "Paonessa, Denis"]
[Black "Ranieri, Fabrizio"]
[WhiteElo "1844"]
[BlackElo "2276"]
[Result "1/2-1/2"]
[PlyCount "81"]
[EventDate "2012.01.26"]

1. d4 e6 2. c4 d5 3. Nc3 Nf6 4. Bg5 Be7 5. e3 O-O 6. Nf3 Nbd7 7. Rc1 c6 8. Bd3
a6 9. cxd5 exd5 10. Qc2 Re8 11. O-O Nf8 12. Ne5 Ng6 13. f4 Nd7 14. Bxe7 Qxe7
15. Rf3 Ngf8 16. Rh3 h6 17. Rg3 f6 18. Ng6 Nxg6 19. Bxg6 Rd8 20. Qe2 Nf8 21.
Bd3 Be6 22. Qh5 Kh8 23. Ne2 Bg8 24. f5 Rd7 25. Nf4 Qb4 26. Qe2 Re8 27. a3 Qb3
28. Rc3 Qa2 29. Qc2 Rde7 30. Kf2 Qa1 31. a4 Qh1 32. Qd2 Qa1 33. Ra3 Qh1 34. b4
g5 35. fxg6 Ne6 36. g7+ Rxg7 37. Ng6+ Kh7 38. Nf8+ Kh8 39. Ng6+ Kh7 40. Nf8+
Kh8 41. Ng6+ 1/2-1/2

[Event "XXIX Open Eporediese"]
[Site "Ivrea ITA"]
[Date "2012.03.08"]
[Round "7"]
[White "Agostino, Pietro"]
[Black "Pane, Gabriele"]
[WhiteElo "1505"]
[BlackElo "1538"]
[Result "0-1"]
[PlyCount "72"]
[EventDate "2012.01.26"]

1. e4 e6 2. d4 d5 3. e5 c5 4. c3 Nc6 5. Nf3 Qb6 6. Be2 Bd7 7. b3 cxd4 8. Nxd4
Nxe5 9. Nd2 Nf6 10. h3 Bd6 11. N2f3 Nxf3+ 12. Bxf3 Rc8 13. Bb2 e5 14. Nc2 e4
15. Be2 Be5 16. Nd4 Bxd4 17. cxd4 Bb5 18. O-O Bxe2 19. Qxe2 O-O 20. Ba3 Rfe8
21. Bc5 Qc7 22. Rfc1 b6 23. Bb4 Qxc1+ 24. Rxc1 Rxc1+ 25. Kh2 Rec8 26. Qa6 R1c2
27. Qxa7 Rxf2 28. a3 h6 29. Qxb6 Rcc2 30. Qb8+ Kh7 31. Qg3 Nh5 32. Qg4 Nf4 33.
Qf5+ Ng6 34. Qg4 f5 35. Qg3 Nf4 36. Qe3 Nxg2 0-1

[Event "XXIX Open Eporediese"]
[Site "Ivrea ITA"]
[Date "2012.03.08"]
[Round "7"]
[White "Bozza, Alberto"]
[Black "Bellafiore, Enzo"]
[WhiteElo "1589"]
[BlackElo "1798"]
[Result "1-0"]
[PlyCount "65"]
[EventDate "2012.01.26"]

1. e4 e6 2. d4 d5 3. e5 Ne7 4. Nf3 b6 5. c4 Bb7 6. Be3 Nf5 7. Qd2 c5 8. cxd5
Bxd5 9. Bb5+ Nc6 10. Bg5 Qc7 11. Qd3 Bxf3 12. gxf3 Nfxd4 13. f4 h6 14. Bh4 Nf5
15. Bg3 Rd8 16. Qe4 Nfd4 17. Nc3 Be7 18. O-O-O O-O 19. f3 Qb7 20. Bxc6 Qxc6 21.
Rxd4 cxd4 22. Qxc6 dxc3 23. bxc3 Rc8 24. Qb7 Rxc3+ 25. Kb2 Bb4 26. Be1 Rc4 27.
Kb3 Rfc8 28. Bxb4 R8c7 29. Qa6 Rxf4 30. Qd3 a5 31. Bd2 a4+ 32. Ka3 Rcc4 33.
Bxf4 1-0

[Event "XXIX Open Eporediese"]
[Site "Ivrea ITA"]
[Date "2012.03.08"]
[Round "7"]
[White "Castaldo, Antonio"]
[Black "Paonessa, Denis"]
[WhiteElo "1651"]
[BlackElo "1844"]
[Result "0-1"]
[PlyCount "50"]
[EventDate "2012.01.26"]

1. Nf3 Nf6 2. g3 c5 3. Bg2 g6 4. O-O Bg7 5. d3 O-O 6. e4 d6 7. Nc3 Nc6 8. Ne1
a6 9. f4 Qc7 10. Nf3 Rb8 11. Rb1 b5 12. Bd2 b4 13. Nd5 Nxd5 14. exd5 Nd4 15.
Kh1 Bg4 16. Be3 a5 17. Qd2 Bxf3 18. Bxf3 Nxf3 19. Rxf3 Qb7 20. b3 Qxd5 21. Qe2
a4 22. Kg2 axb3 23. axb3 Ra8 24. Rbf1 Ra2 25. f5 Qxb3 0-1

[Event "XXIX Open Eporediese"]
[Site "Ivrea ITA"]
[Date "2012.03.08"]
[Round "7"]
[White "Giachino, Adriano"]
[Black "Gennaro, Isabella"]
[WhiteElo "1664"]
[BlackElo "1632"]
[Result "0-1"]
[PlyCount "46"]
[EventDate "2012.01.26"]

1. e4 c5 2. Nf3 Nc6 3. d4 cxd4 4. Nxd4 Nf6 5. Nc3 e5 6. Nb3 Bb4 7. Bg5 Bxc3+ 8.
bxc3 h6 9. Bxf6 Qxf6 10. Bc4 O-O 11. Qe2 a6 12. O-O Ne7 13. Rad1 Rd8 14. Qe3 b5
15. Be2 Bb7 16. f4 d5 17. fxe5 Qxe5 18. Nc5 Bc6 19. Rf4 dxe4 20. Rdf1 Nd5 21.
Qf2 Nxf4 22. Nb3 Nxe2+ 23. Qxe2 Qxc3 0-1

[Event "XXIX Open Eporediese"]
[Site "Ivrea ITA"]
[Date "2012.03.08"]
[Round "7"]
[White "Ranieri, Fabrizio"]
[Black "Bogatto, Mario"]
[WhiteElo "2276"]
[BlackElo "1423"]
[Result "1-0"]
[PlyCount "33"]
[EventDate "2012.01.26"]

1. e4 e6 2. d4 d5 3. Nc3 Bb4 4. e5 c5 5. a3 Bxc3+ 6. bxc3 c4 7. h4 Ne7 8. h5 h6
9. g4 Nbc6 10. Rb1 b6 11. g5 hxg5 12. Bxg5 Qc7 13. Qg4 Bb7 14. Bxe7 Qxe7 15.
Qxg7 O-O-O 16. Ne2 Rdg8 17. Qf6 1-0

[Event "XXIX Open Eporediese"]
[Site "Ivrea ITA"]
[Date "2012.03.15"]
[Round "8"]
[White "Bogatto, Mario"]
[Black "Motto, Alexis"]
[WhiteElo "1423"]
[BlackElo "1709"]
[Result "1-0"]
[PlyCount "100"]
[EventDate "2012.01.26"]

1. c4 Nf6 2. Nc3 d5 3. e3 g6 4. d4 Bg7 5. Nf3 O-O 6. h3 c6 7. cxd5 Nxd5 8. Bd2
Re8 9. Nxd5 Qxd5 10. Bc3 Nd7 11. Qb3 Qxb3 12. axb3 e5 13. dxe5 Nxe5 14. Nxe5
Bxe5 15. Be2 Bf5 16. O-O Bxc3 17. bxc3 Red8 18. Bf3 a6 19. e4 Be6 20. b4 Rd3
21. Rfc1 Bxh3 22. Rd1 Rxd1+ 23. Rxd1 Be6 24. Rb1 Rd8 25. Rd1 Rxd1+ 26. Bxd1 h5
27. g3 Kg7 28. f3 Kf6 29. Kf2 Ke5 30. Ke3 b6 31. f4+ Kd6 32. e5+ Ke7 33. Kd4 a5
34. bxa5 bxa5 35. Kc5 Bd5 36. Kb6 f6 37. exf6+ Kxf6 38. Kxa5 Kf5 39. Kb4 Be4
40. Kc5 Ke6 41. Kd4 Bd5 42. c4 Bg2 43. Kc5 Kd7 44. Bc2 g5 45. fxg5 Ke7 46. g6
Kf6 47. Bf5 Kg7 48. Bd7 Kxg6 49. Bxc6 Bxc6 50. Kxc6 Kg5 1-0

[Event "XXIX Open Eporediese"]
[Site "Ivrea ITA"]
[Date "2012.03.19"]
[Round "9"]
[White "Agostino, Pietro"]
[Black "Castaldo, Antonio"]
[WhiteElo "1505"]
[BlackElo "1651"]
[Result "1-0"]
[PlyCount "69"]
[EventDate "2012.01.26"]

1. e4 d6 2. Nf3 Nf6 3. c3 Nc6 4. d3 g6 5. Be3 Bg7 6. Be2 O-O 7. Nbd2 e5 8. Bg5
h6 9. Be3 Ng4 10. O-O Nxe3 11. fxe3 g5 12. d4 f5 13. exf5 Bxf5 14. e4 Bg4 15.
h3 Bxf3 16. Nxf3 Qe7 17. Rc1 Qd7 18. Nh2 Rxf1+ 19. Nxf1 Rf8 20. Ng3 Ne7 21. Bh5
c6 22. Nf5 Nxf5 23. exf5 Qxf5 24. Qb3+ Kh8 25. Qxb7 exd4 26. Qxc6 dxc3 27. bxc3
Qf2+ 28. Kh1 Be5 29. Bf3 Qg3 30. Kg1 h5 31. Qe4 g4 32. hxg4 hxg4 33. Qxg4 Qh2+
34. Kf2 Qf4 35. Rh1+ 1-0

[Event "XXIX Open Eporediese"]
[Site "Ivrea ITA"]
[Date "2012.03.22"]
[Round "9"]
[White "Bogatto, Mario"]
[Black "Chiarotto, Filippo"]
[WhiteElo "1423"]
[BlackElo "2082"]
[Result "0-1"]
[PlyCount "46"]
[EventDate "2012.01.26"]

1. c4 Nf6 2. Nc3 e6 3. g3 d5 4. cxd5 exd5 5. d4 c6 6. Bg2 Bd6 7. Nh3 Bf5 8. O-O
Nbd7 9. Bf4 Qc7 10. Bxd6 Qxd6 11. e3 h5 12. Nf4 g5 13. Nfe2 h4 14. Qd2 O-O-O
15. f4 g4 16. Rac1 Kb8 17. Rce1 Rde8 18. Rf2 Nb6 19. b3 Nc8 20. Nc1 hxg3 21.
hxg3 Nh5 22. N1e2 Qh6 23. Bf1 Nxf4 0-1

[Event "XXIX Open Eporediese"]
[Site "Ivrea ITA"]
[Date "2012.03.21"]
[Round "9"]
[White "Bozza, Alberto"]
[Black "Razzano, Lorenzo"]
[WhiteElo "1589"]
[BlackElo "1962"]
[Result "0-1"]
[PlyCount "70"]
[EventDate "2012.01.26"]

1. e4 g6 2. d4 Bg7 3. Bc4 c5 4. Nf3 d6 5. dxc5 Qa5+ 6. Nbd2 Qxc5 7. Qe2 Nc6 8.
Nb3 Qh5 9. h3 Nf6 10. Rh2 Ne5 11. Nbd4 Nxc4 12. Qxc4 Qc5 13. Qd3 O-O 14. Be3
Qb4+ 15. Nd2 Nd7 16. a3 Qa5 17. N4b3 Qe5 18. Nf3 Qxb2 19. Nfd2 Nc5 20. Qc4 Nxb3
21. Nxb3 Be6 22. Bd4 Qxa1+ 23. Bxa1 Bxc4 24. Bxg7 Kxg7 25. Na5 Ba6 26. g4 Rac8
27. h4 Rxc2 28. g5 Rfc8 29. h5 Rb2 30. h6+ Kf8 31. Nb3 Rxb3 32. Kd2 Rd3+ 33.
Ke1 Rc2 34. e5 Rxa3 35. Kd1 Re2 0-1

[Event "XXIX Open Eporediese"]
[Site "Ivrea ITA"]
[Date "2012.03.22"]
[Round "9"]
[White "Gennaro, Isabella"]
[Black "Pane, Gabriele"]
[WhiteElo "1632"]
[BlackElo "1538"]
[Result "1/2-1/2"]
[PlyCount "89"]
[EventDate "2012.01.26"]

1. e4 e6 2. d4 d5 3. Nd2 c5 4. exd5 Qxd5 5. Ngf3 cxd4 6. Nb3 Nc6 7. Nbxd4 Nxd4
8. Qxd4 Qxd4 9. Nxd4 Bd7 10. Be3 a6 11. O-O-O Nf6 12. f3 Nd5 13. Bf2 Bc5 14.
Kb1 Rc8 15. Bd3 O-O 16. Bh4 Bxd4 17. Bxh7+ Kxh7 18. Rxd4 Bb5 19. Bf2 Rc6 20. a4
Bc4 21. b3 Nc3+ 22. Kb2 Bd5 23. Rd3 Rfc8 24. Rd2 Kg8 25. Re1 Kf8 26. Bd4 b5 27.
axb5 Nxb5 28. c4 Bxc4 29. bxc4 Nxd4 30. Rxd4 Rxc4 31. Rxc4 Rxc4 32. Kb3 Rc5 33.
Re4 Rb5+ 34. Rb4 Rxb4+ 35. Kxb4 Ke7 36. Ka5 Kd6 37. Kxa6 Ke5 38. Kb6 Kf4 39.
Kc6 Ke3 40. Kd7 Kf2 41. Ke7 Kxg2 42. Kxf7 Kxf3 43. Kxe6 g5 44. Kf5 g4 45. Kg5
1/2-1/2

[Event "XXIX Open Eporediese"]
[Site "Ivrea ITA"]
[Date "2012.03.22"]
[Round "9"]
[White "Motto, Alexis"]
[Black "Giachino, Adriano"]
[WhiteElo "1709"]
[BlackElo "1664"]
[Result "1-0"]
[PlyCount "103"]
[EventDate "2012.01.26"]

1. d4 Nf6 2. Nf3 g6 3. c4 e6 4. Nc3 b6 5. e4 Bg7 6. Bg5 h6 7. Bh4 g5 8. Bg3 Bb7
9. Bd3 Nc6 10. Nb5 d6 11. a3 a6 12. Nc3 Nd7 13. d5 Nd4 14. O-O Qf6 15. Nxd4
Qxd4 16. dxe6 Nf6 17. exf7+ Kxf7 18. Re1 Rhe8 19. e5 Qc5 20. exf6 Rxe1+ 21.
Qxe1 Bxf6 22. Qe2 Re8 23. Qh5+ Kf8 24. Qxh6+ Bg7 25. Qg6 Re7 26. Qf5+ Qxf5 27.
Bxf5 Rf7 28. Bg6 Rf6 29. Bh5 Rh6 30. Bf3 Bc8 31. Re1 g4 32. Bc6 Be6 33. Nd5
Bxb2 34. Nxc7 Bxc4 35. a4 a5 36. Bd5 Bxd5 37. Nxd5 Bd4 38. Rb1 Re6 39. Kf1 Re4
40. Bxd6+ Kf7 41. Nxb6 Re6 42. Nc4 Rf6 43. Bg3 Re6 44. Nxa5 Bc3 45. Nc4 Kf6 46.
Rb6 Rxb6 47. Nxb6 Ke6 48. Ke2 Ba5 49. Nc4 Bb4 50. h4 gxh3 51. gxh3 Kd5 52. Kd3
1-0

[Event "XXIX Open Eporediese"]
[Site "Ivrea ITA"]
[Date "2012.03.20"]
[Round "9"]
[White "Paonessa, Denis"]
[Black "Bosticardo, Tommaso"]
[WhiteElo "1844"]
[BlackElo "1774"]
[Result "0-1"]
[PlyCount "86"]
[EventDate "2012.01.26"]

1. d4 d5 2. c4 e6 3. Nc3 Nf6 4. Bg5 Be7 5. e3 O-O 6. Nf3 h6 7. Bh4 b6 8. Qc2
Bb7 9. Bxf6 Bxf6 10. cxd5 exd5 11. g4 c5 12. O-O-O cxd4 13. exd4 Nc6 14. h4 g6
15. g5 hxg5 16. hxg5 Bxg5+ 17. Nxg5 Qxg5+ 18. f4 Qxf4+ 19. Kb1 Rad8 20. Bd3 Kg7
21. Rhg1 Nb4 22. Bxg6 Nxc2 23. Bxc2+ Kf6 24. Rdf1 Qxf1+ 25. Rxf1+ Ke7 26. Re1+
Kd7 27. Bf5+ Kc6 28. a4 a6 29. b4 Bc8 30. b5+ axb5 31. axb5+ Kb7 32. Re7+ Kb8
33. Bc2 Be6 34. Na4 Rd6 35. Nb2 Rd7 36. Rxd7 Bxd7 37. Ba4 f5 38. Kc1 f4 39. Nd3
Kc7 40. Kd2 Kd6 41. Ke1 Bf5 42. Ne5 Re8 43. Kf2 Rxe5 0-1

[Event "XXIX Open Eporediese"]
[Site "Ivrea ITA"]
[Date "2012.03.22"]
[Round "9"]
[White "Ranieri, Fabrizio"]
[Black "Bellafiore, Enzo"]
[WhiteElo "2276"]
[BlackElo "1798"]
[Result "1-0"]
[PlyCount "87"]
[EventDate "2012.01.26"]

1. e4 e6 2. d4 d5 3. Nc3 dxe4 4. Nxe4 Bd7 5. Nf3 Bc6 6. Bd3 Nd7 7. Qe2 Ngf6 8.
Neg5 Qe7 9. Ne5 Nxe5 10. dxe5 Nd7 11. f4 h6 12. Ne4 Bxe4 13. Bxe4 c6 14. Bd2
O-O-O 15. O-O-O Nc5 16. Bf3 Qc7 17. Qc4 Be7 18. Be3 Qa5 19. Kb1 b5 20. Qe2 Kc7
21. g4 Na4 22. Bd2 Qa6 23. Qe1 Nxb2 24. Ba5+ Kc8 25. Bxd8 Rxd8 26. Rxd8+ Kxd8
27. Kxb2 Qa3+ 28. Kb1 Qxf3 29. Qd1+ Qd5 30. Kb2 Kc7 31. Qxd5 cxd5 32. h4 g6 33.
h5 g5 34. fxg5 Bxg5 35. Rf1 a5 36. Rxf7+ Kc6 37. Kc3 Kc5 38. Rc7+ Kb6 39. Rg7
Bf4 40. Kd4 Bc1 41. Rg6 Bb2+ 42. Kd3 Kc5 43. Rxe6 d4 44. g5 1-0

[Event "I Torneo Luigi Amalfi"]
[Site "Napoli ITA"]
[Date "2012.03.08"]
[Round "5"]
[White "Di Lorenzo, Beniamino"]
[Black "Spagnolo, Alessandro"]
[Result "1-0"]
[WhiteElo "1416"]
[BlackElo "1467"]
[PlyCount "27"]
[EventDate "2012.02.09"]

1. e4 e5 2. Nf3 Nc6 3. Bb5 a6 4. Ba4 Nf6 5. d3 d6 6. b3 Be7 7. O-O O-O 8. Nc3
Nh5 9. Nxe5 Nxe5 10. Qxh5 g6 11. Qe2 Bg5 12. f4 Bxf4 13. Bxf4 Qh4 14. Qf2 1-0

[Event "XXVIII C.to Torinese Open"]
[Site "Torino ITA"]
[Date "2012.01.23"]
[Round "2"]
[White "Negro, Francesco P."]
[Black "Davi, Alessandro"]
[WhiteElo "1816"]
[BlackElo "2086"]
[Result "0-1"]
[PlyCount "80"]
[EventDate "2012.01.16"]

1. e4 d5 2. exd5 Qxd5 3. Nc3 Qd6 4. d4 Nf6 5. Nf3 c6 6. Bc4 Bg4 7. Qd3 e6 8.
Ne5 Bf5 9. Qd1 Nbd7 10. Bf4 Qb4 11. Bb3 Rd8 12. a3 Qe7 13. Qe2 Nxe5 14. dxe5
Nd5 15. Nxd5 exd5 16. O-O g6 17. Qd2 h6 18. Rfe1 Bg7 19. Rad1 Qe6 20. c4 d4 21.
Qb4 Qe7 22. Qd6 c5 23. Ba4+ Kf8 24. Qxe7+ Kxe7 25. b4 b6 26. bxc5 bxc5 27. Bc6
Be6 28. Rb1 Rb8 29. Bd5 Rhd8 30. Bd2 Rxb1 31. Rxb1 Bxd5 32. cxd5 Bxe5 33. Bxh6
Kd6 34. Rb7 Kxd5 35. Rxa7 f5 36. Rb7 Kc4 37. f4 Bf6 38. Kf1 d3 39. Ke1 Bc3+ 40.
Kd1 Re8 0-1

[Event "XXVIII C.to Torinese Open"]
[Site "Torino ITA"]
[Date "2012.01.30"]
[Round "3"]
[White "Digiugno, Franco"]
[Black "Mantovan, Giuseppe"]
[WhiteElo "2026"]
[BlackElo "1846"]
[Result "1-0"]
[PlyCount "69"]
[EventDate "2012.01.16"]

1. e4 e6 2. b3 d5 3. Bb2 Nf6 4. exd5 exd5 5. Qe2+ Qe7 6. Bxf6 gxf6 7. Qxe7+
Bxe7 8. Nc3 c6 9. Bd3 Nd7 10. Bf5 O-O 11. Nge2 Ne5 12. Ng3 Be6 13. Nce2 Ng6 14.
h4 Bd6 15. Kf1 Ne7 16. Bd3 f5 17. Nh5 Be5 18. Re1 Ng6 19. f4 Bh8 20. g4 Ne7 21.
gxf5 Bxf5 22. Rg1+ Bg6 23. f5 Nxf5 24. Bxf5 Rae8 25. Nhf4 Bg7 26. Ng3 Rxe1+ 27.
Kxe1 Re8+ 28. Kd1 Kf8 29. h5 Bxf5 30. Nxf5 Be5 31. Nd3 Re6 32. Re1 f6 33. Nc5
Re8 34. d4 Bc7 35. Ne6+ 1-0

[Event "XXVIII C.to Torinese Open"]
[Site "Torino ITA"]
[Date "2012.01.30"]
[Round "3"]
[White "Fassio, Luca"]
[Black "Quirico, Paolo"]
[WhiteElo "2078"]
[BlackElo "2159"]
[Result "1/2-1/2"]
[PlyCount "98"]
[EventDate "2012.01.16"]

1. e4 c5 2. c3 g6 3. d4 cxd4 4. cxd4 d5 5. e5 Nc6 6. Nc3 Bg7 7. Bb5 Nh6 8. Nge2
O-O 9. O-O Nf5 10. Na4 f6 11. f4 Rb8 12. a3 Na5 13. b3 a6 14. Bd3 Nc6 15. Bxf5
Bxf5 16. Ng3 Bd7 17. Nc5 b6 18. Nxd7 Qxd7 19. Qd3 fxe5 20. fxe5 Rxf1+ 21. Nxf1
Qg4 22. Be3 b5 23. Rc1 Rc8 24. h3 Qd7 25. Nd2 e6 26. Nf3 Nd8 27. Qd2 Rxc1+ 28.
Qxc1 Qc6 29. Qd2 Bf8 30. b4 Nf7 31. Qc1 Qxc1+ 32. Bxc1 Nd8 33. Kf2 Nc6 34. Ke2
Be7 35. Kd3 Kf7 36. Bg5 Bf8 37. Bc1 h6 38. g4 Kg7 39. Kc3 Be7 40. Kb3 a5 41.
Bd2 a4+ 42. Kc3 Nb8 43. Ng1 Na6 44. Ne2 Nc7 45. Kd3 Bh4 46. Bf4 Be1 47. Bg3
Bxg3 48. Nxg3 Kf7 49. Ne2 Kg7 1/2-1/2

[Event "XXVIII C.to Torinese Open"]
[Site "Torino ITA"]
[Date "2012.02.06"]
[Round "4"]
[White "Cortese, Alessandro"]
[Black "Fassio, Luca"]
[WhiteElo "2012"]
[BlackElo "2078"]
[Result "0-1"]
[PlyCount "124"]
[EventDate "2012.01.16"]

1. d4 g6 2. c4 Bg7 3. Nf3 d6 4. Nc3 Nf6 5. e4 O-O 6. Be2 c5 7. O-O Nc6 8. d5
Na5 9. Rb1 Bg4 10. Nd2 Bd7 11. a3 b6 12. f4 Ne8 13. Qc2 e5 14. f5 a6 15. Nf3
Rb8 16. b4 cxb4 17. axb4 Nb7 18. Be3 Qc7 19. fxg6 hxg6 20. Qd2 a5 21. Kh1 axb4
22. Rxb4 Nc5 23. Bg5 Bc8 24. Rfb1 f6 25. Be3 f5 26. exf5 Bxf5 27. Ra1 Nf6 28.
Nb5 Qe7 29. Ra7 Nfd7 30. h3 Ra8 31. Qa2 Rxa7 32. Qxa7 Be4 33. Qa2 Bxf3 34. Bxf3
Nd3 35. Ra4 e4 36. Be2 N7c5 37. Ra7 Qh4 38. Rxg7+ Kxg7 39. Qa1+ Kg8 40. Bd4
Nf2+ 41. Kh2 Qf4+ 42. Kg1 Qg3 43. Bg4 Nxg4 44. hxg4 Nd3 45. Qa7 Ne5 46. Bxe5
dxe5 47. Qxb6 Qe1+ 48. Kh2 Qh4+ 49. Kg1 Qe1+ 50. Kh2 Qh4+ 51. Kg1 Qxg4 52. Nc7
Qd1+ 53. Kh2 Qh5+ 54. Kg1 Qd1+ 55. Kh2 Qh5+ 56. Kg1 Qf5 57. Ne6 Ra8 58. Qb7
Ra1+ 59. Kh2 Qh5+ 60. Kg3 Ra3+ 61. Kf2 Qh4+ 62. Ke2 Qg4+ 0-1

[Event "XXVIII C.to Torinese Open"]
[Site "Torino ITA"]
[Date "2012.02.06"]
[Round "4"]
[White "Davi, Alessandro"]
[Black "Digiugno, Franco"]
[WhiteElo "2086"]
[BlackElo "2026"]
[Result "1/2-1/2"]
[PlyCount "128"]
[EventDate "2012.01.16"]

1. d4 e6 2. c4 d5 3. e3 c5 4. Nc3 Nf6 5. Nf3 Nc6 6. h3 a6 7. a4 Be7 8. Be2 O-O
9. O-O b6 10. cxd5 exd5 11. b3 Bf5 12. Bb2 Nb4 13. Rc1 Rc8 14. Ne5 cxd4 15.
Qxd4 Re8 16. Ng4 Qd6 17. Rfd1 Bc2 18. Bxa6 Nxg4 19. Qxg4 f5 20. Qf4 Qxf4 21.
exf4 Bxd1 22. Bxc8 Bxb3 23. Be6+ Kf8 24. Bxf5 g6 25. Bd7 Rd8 26. Bb5 d4 27. Ne4
d3 28. Nd2 Bc2 29. Re1 Nd5 30. g3 Bb4 31. Bc1 Nc3 32. Kf1 Ne2 33. Rxe2 dxe2+
34. Kxe2 Ra8 35. Nc4 Bc5 36. Be3 Bxa4 37. Bxa4 Rxa4 38. Nxb6 Ra2+ 39. Kf3 Bxb6
40. Bxb6 Kf7 41. Kg4 Rb2 42. Be3 Rb5 43. Kf3 Ke6 44. g4 Ra5 45. Kg3 Rd5 46. Kf3
Rb5 47. Ke4 Ra5 48. Bd4 Rb5 49. h4 Ra5 50. h5 Rb5 51. h6 Ra5 52. Bg7 Ra4+ 53.
Bd4 Ra5 54. Be3 Ra4+ 55. Kf3 Ra1 56. Ke4 Ra4+ 57. Kf3 Ra1 58. Kg3 Rh1 59. Kg2
Rb1 60. Bd4 Kd5 61. Be5 Rd1 62. Kg3 Rh1 63. Bg7 Ke6 64. Kf3 Re1 1/2-1/2

[Event "XXVIII C.to Torinese Open"]
[Site "Torino ITA"]
[Date "2012.02.20"]
[Round "6"]
[White "Barletta, Mauro"]
[Black "Davi, Alessandro"]
[WhiteElo "2237"]
[BlackElo "2086"]
[Result "1-0"]
[PlyCount "49"]
[EventDate "2012.01.16"]

1. Nf3 d5 2. c4 e6 3. g3 Nf6 4. Bg2 Be7 5. O-O O-O 6. d4 dxc4 7. Qc2 b5 8. a4
b4 9. Qxc4 a5 10. Bg5 Ba6 11. Qc2 Nbd7 12. Bxf6 Bxf6 13. Nbd2 Bxe2 14. Rfe1 Ba6
15. Ne5 Bxe5 16. dxe5 Ra7 17. Rad1 c5 18. Ne4 Qc7 19. Ng5 g6 20. Qe4 Kg7 21.
Rd6 Re8 22. Qf4 Re7 23. Nxh7 Nxe5 24. Qxe5+ Kxh7 25. Re4 1-0